000 00531nam a2200205Ia 4500
003 OSt
005 20230612103619.0
008 210423s2002 xx 000 0 und d
020 _a90100256
040 _cAL
041 _aeng
082 _a362.1 PART
_223
100 _aPARK (K).
_9117822
245 _aTextbook of Preventive and social medicine.
260 _aJabalpur
_bBanarsidas Publication
_c2002
300 _a671
_bHB
365 _b400
_cINR
906 _amedicine. ; Preventive ; social ; Textbook
942 _2ddc
_cBK
999 _c173692
_d173692